01396nam0a22002771 4500001003100000005001700031035002600048100004100074101000800115102000700123105001800130200030200148210007200450215002700522225007800549300018800627300004700815320003000862606007800892620001700970686001900987700003701006801002701043801002301070852002501093RU\INFOCOMM_317\NLR\500002547620250614080648.0 a(NLR Aleph) 010608653 a20130325d1992 |||y0rusy50 ca0 aeng aRU ay z|||| 1 aDecay of doorway states formed in the GDR through the neutron channeleThe contents of the papers rep. at the Workshop on nuclear physics in the Sao Paulo univ., Sept. 1991, a. at the 8-th Seminar in electromagnetic interactions of nuclei at low a. medium energies, Moscow, Dec. 1991fB. S. Ratner aM.cInst. for nuclear research of the Russ. acad. of sciencesd1992 a14 с.cил.d29 см1 aPreprintfRuss. acad. of sciences, Inst. for nuclear researchvINR-758/92 aНа обороте тит. л.: Распад входных состояний, образованных в ГДР по нейтронному каналу / Б. С. Ратнер aНадзаг также на рус. яз. aБиблиогр.: с. 140 aАтомное ядроxГигантский резонанс2nlr_sh1 aМосква aВ383.52rubbk 1aRatnerbB. S.gBoris Semenovič 1aRUbInfocommc20130325 0aRUbINFOCOMMgPSBO aNLRjФз01 Д-8/712